Efektívnosť výberu daní dizertačná práca

Na minha lista:
Detalhes bibliográficos
Autor principal: Kočkovičová, Jana, 1989-
Autor Corporativo: Národohospodárska fakulta EU. Katedra financií
Outros Autores: Zubaľová, Alena, 1959-
Formato: Livro
Idioma:eslovaco
Publicado em: Bratislava 2017
Assuntos:
Tags: Adicionar Tag
Sem tags, seja o primeiro a adicionar uma tag!

MARC

LEADER 00000nbm a2200000 4500
001 0234617
005 20240502073813.9
041 0 |a slo 
044 |a SK 
245 1 0 |a Efektívnosť výberu daní  |b dizertačná práca  |c Jana Kočkovičová ; školiteľ: Alena Zubaľová 
264 1 |a Bratislava  |c 2017 
300 |a 118 s. 
610 2 0 |a financie verejné 
610 2 0 |a príjmy rozpočtu štátneho 
610 2 0 |a dane 
610 2 0 |a politika daňová 
610 2 0 |a efektívnosť 
610 2 0 |a náklady 
610 2 0 |a dane priame 
610 2 0 |a modely makroekonomické 
610 2 0 |a modely mikroekonomické 
610 2 0 |a ekonomika tieňová 
610 2 0 |a únik daňový 
610 2 0 |a Slovensko 
100 1 |a Kočkovičová, Jana, 1989- 
700 1 |a Zubaľová, Alena, 1959- 
710 2 |a Národohospodárska fakulta EU. Katedra financií